[Event "POL-ChT2"]
[Site "Katowice POL"]
[Date "2010.09.09"]
[Round "6"]
[White "Markowski, Tomasz"]
[Black "Staniszewski, Piotr"]
[Result "1-0"]
[WhiteElo "2626"]
[BlackElo "2404"]
[EventDate "2010.09.04"]
[PlyCount "95"]

1.c4 b6 2.d4 e6 3.a3 c5 4.d5 exd5 5.cxd5 g6 6.g3 d6 7.Bg2 Bg7 8.Nc3 Nf6 9.
Nf3 O-O 10.O-O Re8 11.Re1 Ne4 12.Nxe4 Rxe4 13.Bg5 Qc7 14.Qc2 Bf5 15.Qd2 
Bg4 16.Nh4 Re8 17.e4 Bc8 18.Bh6 f6 19.Bxg7 Qxg7 20.f4 Nd7 21.Re3 Ba6 22.
Rae1 c4 23.Nf3 Nc5 24.Qc3 Nd3 25.Rf1 f5 26.e5 Rad8 27.Rd1 Bb7 28.Ng5 Bc8 
29.e6 Nxb2 30.Rb1 Qxc3 31.Rxc3 Nd3 32.Nf7 Ba6 33.Nxd8 Rxd8 34.Bf1 Nc5 35.
Bxc4 Ne4 36.Rc2 Bxc4 37.Rxc4 Nd2 38.Rbc1 Nxc4 39.Rxc4 b5 40.Rc7 a5 41.Rb7 
b4 42.axb4 axb4 43.Rxb4 Ra8 44.Rb6 Kf8 45.Rxd6 Ra7 46.Rd7 Rxd7 47.exd7 Ke7
48.Kf2 1-0

[Event "POL-ChT2"]
[Site "Katowice POL"]
[Date "2010.09.09"]
[Round "6"]
[White "Janaszak, Dawid"]
[Black "Orzech, Dominik"]
[Result "1/2-1/2"]
[WhiteElo "2318"]
[BlackElo "2422"]
[EventDate "2010.09.04"]
[PlyCount "36"]

1.e4 c5 2.Nc3 Nc6 3.Nf3 Nf6 4.Bb5 Qc7 5.O-O Nd4 6.Nxd4 cxd4 7.Nd5 Nxd5 8.
exd5 Qc5 9.c4 a6 10.b4 Qxb4 11.Ba4 b5 12.cxb5 Bb7 13.Bb3 Qxb5 14.a4 Qd3 
15.Bc2 Qc4 16.Bb3 Qd3 17.Bc2 Qc4 18.Bb3 Qd3 1/2-1/2

[Event "POL-ChT2"]
[Site "Katowice POL"]
[Date "2010.09.09"]
[Round "6"]
[White "Brodowski, Piotr"]
[Black "Dudzinski, Piotr"]
[Result "1/2-1/2"]
[WhiteElo "2413"]
[BlackElo "2318"]
[EventDate "2010.09.04"]
[PlyCount "71"]

1.d4 d5 2.c4 e6 3.Nc3 c6 4.e4 dxe4 5.Nxe4 Nf6 6.Nxf6+ Qxf6 7.Nf3 h6 8.Bd2 
Bd6 9.Bd3 Nd7 10.Bc3 Qf4 11.Qe2 Be7 12.g3 Qc7 13.O-O-O b5 14.Ne5 Nxe5 15.
dxe5 Bb7 16.Qg4 O-O-O 17.b3 h5 18.Qe2 b4 19.Bb2 g6 20.h4 Rd7 21.Be4 Rhd8 
22.Rxd7 Rxd7 23.Rd1 Bc5 24.Qf3 a5 25.Kc2 Kb8 26.Rd3 Ka7 27.Kd2 Kb6 28.Ke2 
a4 29.Rxd7 Qxd7 30.Qd3 Qxd3+ 31.Bxd3 a3 32.Bc1 Bf8 33.Be3+ c5 34.f3 Bg7 
35.Bf4 Bc6 36.g4 1/2-1/2

[Event "POL-ChT2"]
[Site "Katowice POL"]
[Date "2010.09.09"]
[Round "6"]
[White "Dudzinski, Pawel"]
[Black "Oliwa, Marek"]
[Result "1/2-1/2"]
[WhiteElo "2275"]
[BlackElo "2418"]
[EventDate "2010.09.04"]
[PlyCount "83"]

1.e4 Nc6 2.d4 d6 3.Nc3 Nf6 4.h3 g6 5.g3 Bg7 6.Bg2 O-O 7.Nge2 e5 8.Be3 Nd7 
9.Qd2 exd4 10.Nxd4 Nde5 11.b3 Nxd4 12.Bxd4 c5 13.Bxe5 Bxe5 14.Rd1 Qa5 15.
Na4 Qxd2+ 16.Kxd2 b5 17.Nc3 b4 18.Nd5 Bb7 19.f4 Bg7 20.Kc1 Rad8 21.Rhe1 
Bd4 22.Re2 a5 23.g4 Kg7 24.f5 Rfe8 25.Rxd4 cxd4 26.f6+ Kf8 27.Ne7 Rxe7 28.
fxe7+ Kxe7 29.Rd2 Ke6 30.Rxd4 Ke5 31.Rd2 Kf4 32.Rf2+ Kg3 33.Rxf7 Kxg2 34.
Rxb7 Kxh3 35.g5 Kg4 36.Rxh7 Kxg5 37.Ra7 Kf4 38.Rxa5 Rg8 39.Kd2 g5 40.Kd3 
Kg3 41.Rf5 Kg4 42.Kd2 1/2-1/2

[Event "POL-ChT2"]
[Site "Katowice POL"]
[Date "2010.09.09"]
[Round "6"]
[White "Skalik, Przemyslaw"]
[Black "Wlodarczyk, Oskar"]
[Result "1/2-1/2"]
[WhiteElo "2369"]
[BlackElo "2318"]
[EventDate "2010.09.04"]
[PlyCount "68"]

1.Nf3 Nf6 2.c4 e6 3.Nc3 c5 4.g3 b6 5.Bg2 Bb7 6.O-O Be7 7.d4 cxd4 8.Qxd4 d6
9.Bg5 a6 10.Rfd1 Nbd7 11.Qd2 Rc8 12.b3 O-O 13.Rac1 Re8 14.Bf4 d5 15.cxd5 
exd5 16.Qb2 b5 17.e4 dxe4 18.Ne5 Bb4 19.Nxe4 Rxc1 20.Qxc1 Bxe4 21.Bxe4 
Nxe4 22.Rxd7 Qb6 23.Be3 Qe6 24.Bd4 Bc5 25.Bxc5 Qxe5 26.Be3 h5 27.Qc7 Qf5 
28.Rd8 Rxd8 29.Qxd8+ Kh7 30.a4 Nf6 31.axb5 axb5 32.Qd1 Ng4 33.Bd4 h4 34.h3
Nh6 1/2-1/2

[Event "POL-ChT2"]
[Site "Katowice POL"]
[Date "2010.09.09"]
[Round "6"]
[White "Magnucka, Arleta"]
[Black "Michna, Marta"]
[Result "0-1"]
[WhiteElo "1926"]
[BlackElo "2399"]
[EventDate "2010.09.04"]
[PlyCount "40"]

1.e4 e6 2.d4 d5 3.e5 c5 4.c3 Nc6 5.Nf3 Qb6 6.a3 c4 7.Nbd2 Na5 8.g3 Bd7 9.
h4 O-O-O 10.Bh3 f5 11.g4 fxg4 12.Bxg4 Nh6 13.Bh3 Be7 14.Rg1 g6 15.Nxc4 
dxc4 16.Bxh6 Qxb2 17.Qc1 Qb6 18.Ra2 Nb3 19.Qb2 Qc6 20.Rg4 Qxf3 0-1

[Event "POL-ChT2"]
[Site "Katowice POL"]
[Date "2010.09.09"]
[Round "6"]
[White "Rudolf, Michal"]
[Black "Maksimenko, Andrei"]
[Result "1-0"]
[WhiteElo "2372"]
[BlackElo "2544"]
[EventDate "2010.09.04"]
[PlyCount "53"]

1.e4 c5 2.Nf3 e6 3.d4 cxd4 4.Nxd4 Nf6 5.Nc3 d6 6.Bc4 a6 7.O-O Be7 8.Bb3 
O-O 9.Qf3 Nbd7 10.Qg3 Nc5 11.Bh6 Ne8 12.Be3 Bd7 13.f4 b5 14.Qf3 Qc7 15.
Rad1 b4 16.Nce2 Nf6 17.Ng3 Nxb3 18.axb3 Rac8 19.Rf2 g6 20.Rfd2 Qb7 21.h3 
e5 22.fxe5 dxe5 23.Ndf5 gxf5 24.Rxd7 Nxd7 25.Nxf5 Kh8 26.Nxe7 Rce8 27.Rxd7
1-0

[Event "POL-ChT2"]
[Site "Katowice POL"]
[Date "2010.09.09"]
[Round "6"]
[White "Grabarczyk, Miroslaw"]
[Black "Warszawski, Bartosz"]
[Result "1/2-1/2"]
[WhiteElo "2475"]
[BlackElo "2309"]
[EventDate "2010.09.04"]
[PlyCount "87"]

1.d4 d5 2.c4 e6 3.Nf3 c5 4.cxd5 exd5 5.Nc3 Nc6 6.g3 Nf6 7.Bg2 Be7 8.O-O 
O-O 9.dxc5 Bxc5 10.Na4 Be7 11.Be3 Re8 12.Rc1 Bg4 13.Bc5 Bxc5 14.Nxc5 Qe7 
15.Re1 Rac8 16.Nb3 Qd7 17.Nc5 Qe7 18.Nd3 Qd7 19.Qa4 Re4 20.Qd1 Ree8 21.Nf4
h6 22.Nd4 Nxd4 23.Qxd4 Rxc1 24.Rxc1 Bxe2 25.Nxd5 Nxd5 26.Qxd5 Bb5 27.h4 
Qxd5 28.Bxd5 Re7 29.Rc8+ Kh7 30.Ra8 b6 31.b3 Kg6 32.a4 Bd3 33.b4 Re1+ 34.
Kg2 Be4+ 35.Bxe4+ Rxe4 36.a5 Rxb4 37.a6 Ra4 38.Rxa7 h5 39.Kf3 Kf6 40.Ke3 
g6 41.Kd3 b5 42.Ra8 Kg7 43.Kc3 Kf6 44.Kd3 1/2-1/2

[Event "POL-ChT2"]
[Site "Katowice POL"]
[Date "2010.09.09"]
[Round "6"]
[White "Kaim, Piotr"]
[Black "Krysztofiak, Marcin"]
[Result "1/2-1/2"]
[WhiteElo "2288"]
[BlackElo "2463"]
[EventDate "2010.09.04"]
[PlyCount "77"]

1.e4 d6 2.d4 g6 3.Nc3 Bg7 4.g3 Nc6 5.Be3 e5 6.d5 Nce7 7.Nf3 h6 8.Nh4 g5 9.
Ng2 f5 10.Bb5+ c6 11.Bc4 Nf6 12.f4 gxf4 13.gxf4 b5 14.Bb3 b4 15.fxe5 dxe5 
16.d6 bxc3 17.dxe7 Qxe7 18.bxc3 f4 19.Bf2 Nxe4 20.Qf3 Nxf2 21.Qxc6+ Qd7 
22.Qxa8 Nxh1 23.Rd1 Qe7 24.Qf3 Bf6 25.Qh5+ Kf8 26.Rd6 Kg7 27.Rc6 Qb7 28.
Bd5 Rf8 29.Rxf6 Qb1+ 30.Kd2 Kxf6 31.Qxh6+ Ke7 32.Qg7+ Kd6 33.Qxf8+ Kxd5 
34.Qd8+ Ke6 35.Qxc8+ Kf6 36.Qf8+ Ke6 37.Qe8+ Kf6 38.Qf8+ Ke6 39.Qe8+ 
1/2-1/2

[Event "POL-ChT2"]
[Site "Katowice POL"]
[Date "2010.09.09"]
[Round "6"]
[White "Borgula, Rafal"]
[Black "Rams, Michal"]
[Result "1/2-1/2"]
[WhiteElo "2314"]
[BlackElo "2281"]
[EventDate "2010.09.04"]
[PlyCount "101"]

1.Nf3 g6 2.g3 Bg7 3.d4 d6 4.Bg2 Nf6 5.O-O O-O 6.c4 Nbd7 7.Nc3 e5 8.e4 c6 
9.Re1 exd4 10.Nxd4 Nc5 11.h3 Nfd7 12.Bf1 a5 13.Be3 Re8 14.Qc2 a4 15.Rad1 
Qe7 16.Bg2 a3 17.b4 Ne6 18.Nce2 Ndf8 19.Nxe6 Nxe6 20.f4 f5 21.Bf2 fxe4 22.
Qxe4 Qf7 23.Qc2 Nc7 24.Nd4 Bd7 25.Qd3 Rxe1+ 26.Rxe1 d5 27.cxd5 Nxd5 28.Qb3
Bf8 29.Nf3 Nf6 30.Qxf7+ Kxf7 31.Ne5+ Kg8 32.Nxd7 Nxd7 33.b5 cxb5 34.Bxb7 
Rb8 35.Bc6 Nc5 36.Bd5+ Kg7 37.Bd4+ Kh6 38.g4 Nd3 39.g5+ Kh5 40.Bf3+ Kh4 
41.Bg4 Nxf4 42.Bf2+ Kxg5 43.Re5+ Kf6 44.Bd4 Kf7 45.Be3 Bh6 46.Re4 Re8 47.
Rxe8 Kxe8 48.Bxf4 Bxf4 49.Bd1 Ke7 50.Kg2 Kf6 51.Bb3 1/2-1/2

[Event "POL-ChT2"]
[Site "Katowice POL"]
[Date "2010.09.09"]
[Round "6"]
[White "Chalupnik, Marcin"]
[Black "Robak, Zbigniew"]
[Result "1/2-1/2"]
[WhiteElo "2247"]
[BlackElo "2278"]
[EventDate "2010.09.04"]
[PlyCount "81"]

1.e4 d6 2.d4 Nf6 3.Nc3 g6 4.Be3 c6 5.Qd2 b5 6.Bd3 Nbd7 7.Nge2 e5 8.O-O b4 
9.Nd1 exd4 10.Nxd4 c5 11.Ne2 Bb7 12.f3 Bg7 13.c4 bxc3 14.Ndxc3 O-O 15.Nf4 
Ne5 16.Rfd1 Qe7 17.Bf1 Rfd8 18.Rac1 g5 19.Nfd5 Bxd5 20.Nxd5 Nxd5 21.Qxd5 
Rab8 22.Rc2 Bf6 23.Rcd2 Ng6 24.b3 Nf4 25.Bxf4 gxf4 26.Bc4 Bc3 27.Rc2 Bd4+ 
28.Kh1 Qf6 29.Qh5 Re8 30.g3 fxg3 31.Rg2 Be5 32.hxg3 Qg6 33.Qh3 Bd4 34.Rh2 
Rb7 35.Bd3 Qg7 36.e5 Bxe5 37.Bxh7+ Kf8 38.Be4 Rc7 39.Kg2 c4 40.bxc4 Rxc4 
41.Rd2 1/2-1/2

[Event "POL-ChT2"]
[Site "Katowice POL"]
[Date "2010.09.09"]
[Round "6"]
[White "Weglarz, Joanna"]
[Black "Zajkowska, Olga"]
[Result "1-0"]
[WhiteElo "2037"]
[BlackElo "1819"]
[EventDate "2010.09.04"]
[PlyCount "31"]

1.e4 g6 2.d4 Bg7 3.Nc3 d6 4.f4 Nf6 5.Nf3 c5 6.Bb5+ Bd7 7.e5 Ng4 8.e6 Bxb5 
9.exf7+ Kf8 10.Nxb5 Qd7 11.Qe2 a6 12.Nc3 cxd4 13.Nd5 Qd8 14.O-O Nc6 15.Ng5
Qa5 16.Nc7 1-0

[Event "POL-ChT2"]
[Site "Katowice POL"]
[Date "2010.09.09"]
[Round "6"]
[White "Juroszek, Tadeusz"]
[Black "Walach, Marcin"]
[Result "1/2-1/2"]
[WhiteElo "2365"]
[BlackElo "2371"]
[EventDate "2010.09.04"]
[PlyCount "64"]

1.c4 e5 2.Nc3 Nf6 3.Nf3 Nc6 4.e3 d5 5.cxd5 Nxd5 6.Bb5 Nxc3 7.bxc3 Bd6 8.d4
exd4 9.cxd4 O-O 10.O-O Bf5 11.Bd3 Qd7 12.Rb1 Nb4 13.Ne5 Qc8 14.Bxf5 Qxf5 
15.Bd2 Nd5 16.Rxb7 Bxe5 17.dxe5 Qxe5 18.Qc2 Rfb8 19.Rfb1 Rxb7 20.Rxb7 Rd8 
21.g3 a6 22.Rb3 h5 23.h4 Nf6 24.Rb4 c5 25.Rf4 Qd6 26.Ba5 Qd1+ 27.Qxd1 
Rxd1+ 28.Kg2 Rb1 29.a4 Rc1 30.Kf3 Rc2 31.Rf5 Ng4 32.Rxh5 Nxf2 1/2-1/2

[Event "POL-ChT2"]
[Site "Katowice POL"]
[Date "2010.09.09"]
[Round "6"]
[White "Wieczorek, Zbigniew"]
[Black "Flasinski, Michal"]
[Result "1-0"]
[WhiteElo "2315"]
[BlackElo "2214"]
[EventDate "2010.09.04"]
[PlyCount "57"]

1.Nf3 Nf6 2.g3 b6 3.Bg2 Bb7 4.O-O e6 5.d3 c5 6.e4 d6 7.Ng5 h6 8.Nh3 Nbd7 
9.f4 Qc7 10.f5 exf5 11.Rxf5 O-O-O 12.c4 Kb8 13.Nc3 Be7 14.Nb5 Qc6 15.Rf1 
Ne5 16.Nf4 Rhe8 17.a4 Bf8 18.Qb3 a5 19.Bd2 g5 20.Nd5 Nfd7 21.Nbc7 Re6 22.
Rxf7 Nxf7 23.Nxe6 Re8 24.Rf1 Nfe5 25.Nxf8 Rxf8 26.Rxf8+ Nxf8 27.Nxb6 Nxd3 
28.Qxd3 Qxb6 29.Bxa5 1-0

[Event "POL-ChT2"]
[Site "Katowice POL"]
[Date "2010.09.09"]
[Round "6"]
[White "Wandzik, Wojciech"]
[Black "Obrusnik, Michal"]
[Result "1-0"]
[WhiteElo "2199"]
[BlackElo "2210"]
[EventDate "2010.09.04"]
[PlyCount "75"]

1.e4 g6 2.d4 Bg7 3.c3 d6 4.Bd3 e5 5.Nf3 Nc6 6.Be3 Nf6 7.h3 O-O 8.O-O d5 9.
Nbd2 dxe4 10.Nxe4 Nd5 11.Bg5 f6 12.Bh4 exd4 13.Bc4 Kh8 14.Nxd4 g5 15.Bg3 
f5 16.Bxd5 Qxd5 17.Nxg5 Nxd4 18.cxd4 f4 19.Bh4 Bf5 20.Qb3 Qxb3 21.axb3 
Bxd4 22.Ra4 c5 23.Nf3 b5 24.Ra2 Bg7 25.Rc1 Rac8 26.Be7 Rfe8 27.Rxc5 Rxc5 
28.Bxc5 Be6 29.Nd4 Bd5 30.Rxa7 Re1+ 31.Kh2 Be5 32.Re7 f3+ 33.g3 Kg8 34.Nf5
Re2 35.Nh6+ Kh8 36.Rxe5 Kg7 37.Nf5+ Kf6 38.Rxd5 1-0

[Event "POL-ChT2"]
[Site "Katowice POL"]
[Date "2010.09.09"]
[Round "6"]
[White "Helis, Tadeusz"]
[Black "Gola, Karol"]
[Result "1-0"]
[WhiteElo "2277"]
[BlackElo "2211"]
[EventDate "2010.09.04"]
[PlyCount "75"]

1.Nf3 d5 2.c4 e6 3.g3 Nf6 4.Bg2 Be7 5.b3 c5 6.O-O d4 7.e3 Nc6 8.exd4 cxd4 
9.Re1 O-O 10.Bb2 Qb6 11.d3 Nd7 12.Na3 e5 13.Nc2 Bc5 14.Rb1 Qc7 15.a3 Rd8 
16.b4 Bf8 17.Qe2 f6 18.Nh4 Ne7 19.f4 exf4 20.Nxd4 Ne5 21.gxf4 N5g6 22.Nxg6
Nxg6 23.f5 Nf4 24.Qe4 a5 25.Ne6 Bxe6 26.fxe6 Bd6 27.c5 Be5 28.e7 Rxd3 29.
Qc4+ Kh8 30.Qxf4 Qxe7 31.Bxe5 fxe5 32.Rxe5 Qd7 33.Rbe1 Rd1 34.h3 h6 35.Qe4
axb4 36.axb4 Rxe1+ 37.Qxe1 Qd4+ 38.Qe3 1-0

[Event "POL-ChT2"]
[Site "Katowice POL"]
[Date "2010.09.09"]
[Round "6"]
[White "Dudys, Jakub"]
[Black "Stysiak, Szymon"]
[Result "1-0"]
[WhiteElo "2155"]
[BlackElo "2211"]
[EventDate "2010.09.04"]
[PlyCount "75"]

1.e4 c6 2.c4 g6 3.Nc3 Bg7 4.d4 d6 5.Nf3 Nd7 6.Be3 e5 7.c5 dxc5 8.dxc5 Ngf6
9.Bc4 O-O 10.Qd6 Ne8 11.Qd2 Qe7 12.b4 a5 13.Na4 axb4 14.Bb3 Nc7 15.Qxb4 b5
16.Bg5 Bf6 17.Bxf6 Qxf6 18.Nb6 Nxb6 19.cxb6 Na6 20.Qc3 Re8 21.O-O Rb8 22.
h4 c5 23.a4 b4 24.Qe3 Rxb6 25.Ng5 Rf8 26.Rad1 Rd6 27.Rxd6 Qxd6 28.f4 Qd4 
29.Qxd4 exd4 30.f5 Kg7 31.f6+ Kg8 32.e5 Nc7 33.Rc1 h6 34.Nxf7 Rxf7 35.
Bxf7+ Kxf7 36.Rxc5 Bf5 37.Rxc7+ Kf8 38.Rb7 1-0

[Event "POL-ChT2"]
[Site "Katowice POL"]
[Date "2010.09.09"]
[Round "6"]
[White "Cherednichenko, Svetlana"]
[Black "Szydlowska-Duda, Marta"]
[Result "1-0"]
[WhiteElo "2285"]
[BlackElo "2063"]
[EventDate "2010.09.04"]
[PlyCount "77"]

1.d4 Nf6 2.c4 e6 3.Nf3 Bb4+ 4.Nbd2 c5 5.e3 Nc6 6.Bd3 cxd4 7.exd4 d5 8.O-O 
Bxd2 9.Qxd2 dxc4 10.Bxc4 O-O 11.Rd1 Nd5 12.a3 a5 13.Qd3 h6 14.Ne5 Qf6 15.
Qg3 Nce7 16.f4 Rd8 17.Bd3 Nf5 18.Qf2 h5 19.Bd2 b6 20.Bc3 Bb7 21.Re1 Rac8 
22.Rac1 Rc7 23.Qd2 Rdc8 24.Be4 Nd6 25.Bb1 Qxf4 26.Qd3 Nf5 27.g3 Qg5 28.Bd2
Qe7 29.Rxc7 Qxc7 30.h3 f6 31.g4 fxe5 32.gxf5 e4 33.Rxe4 exf5 34.Re5 g6 35.
Ba2 Qd7 36.Qf3 Rd8 37.Bg5 Re8 38.Bxd5+ Bxd5 39.Qxd5+ 1-0

[Event "POL-ChT2"]
[Site "Katowice POL"]
[Date "2010.09.10"]
[Round "7"]
[White "Stryjecki, Marek"]
[Black "Jedynak, Radoslaw"]
[Result "1-0"]
[WhiteElo "2422"]
[BlackElo "2492"]
[EventDate "2010.09.04"]
[PlyCount "89"]

1.g3 Nf6 2.Bg2 d5 3.Nf3 c6 4.O-O Bg4 5.d3 Nbd7 6.c4 e6 7.cxd5 exd5 8.h3 
Bxf3 9.Bxf3 Bd6 10.Bg2 O-O 11.e3 Re8 12.Nc3 Qc7 13.Bd2 Nc5 14.Qc2 Qb6 15.
b4 Ne6 16.Na4 Qc7 17.Rac1 Qe7 18.Qb3 a6 19.Rfe1 Nd7 20.a3 h5 21.e4 dxe4 
22.dxe4 Bc7 23.f4 b5 24.Nc3 h4 25.Be3 hxg3 26.e5 Bb6 27.Ne2 Rac8 28.Rxc6 
Bxe3+ 29.Qxe3 Rxc6 30.Bxc6 Rc8 31.Bxd7 Qxd7 32.f5 Nf8 33.Nxg3 g6 34.Ne4 
Qxf5 35.Rf1 Qe6 36.Ng5 Qd5 37.Rxf7 Ne6 38.Rf2 Rf8 39.Rxf8+ Nxf8 40.e6 Qd1+
41.Kf2 Qc2+ 42.Kg3 Qc7+ 43.Qf4 Qe7 44.Qf7+ Qxf7 45.exf7+ 1-0

[Event "POL-ChT2"]
[Site "Katowice POL"]
[Date "2010.09.10"]
[Round "7"]
[White "Shkapenko, Pavel"]
[Black "Walach, Marcin"]
[Result "1/2-1/2"]
[WhiteElo "2426"]
[BlackElo "2371"]
[EventDate "2010.09.04"]
[PlyCount "45"]

1.d4 Nf6 2.c4 e6 3.Nc3 d5 4.cxd5 exd5 5.Bg5 Be7 6.e3 O-O 7.Bd3 Re8 8.Nge2 
Nbd7 9.O-O Nf8 10.b4 Ne6 11.Bxf6 Bxf6 12.b5 c5 13.bxc6 bxc6 14.Rb1 Qd6 15.
Na4 Bd8 16.Ng3 g6 17.Qc2 f5 18.Rfc1 Bd7 19.Rb7 Bc8 20.Rb3 Bd7 21.Rb7 Bc8 
22.Rb3 Bd7 23.Rb7 1/2-1/2

[Event "POL-ChT2"]
[Site "Katowice POL"]
[Date "2010.09.10"]
[Round "7"]
[White "Orzechowski, Jacek"]
[Black "Slaby, Jerzy"]
[Result "0-1"]
[WhiteElo "2283"]
[BlackElo "2477"]
[EventDate "2010.09.04"]
[PlyCount "142"]

1.c4 g6 2.Nf3 Bg7 3.d4 d6 4.e4 Bg4 5.Be2 Nc6 6.d5 Bxf3 7.Bxf3 Nd4 8.Nc3 c5
9.O-O Nf6 10.Be3 Nd7 11.Be2 a6 12.Re1 O-O 13.Bf1 Rb8 14.Rb1 e6 15.Ne2 e5 
16.b4 b6 17.bxc5 bxc5 18.Qa4 Nb6 19.Qxa6 Nc2 20.Rec1 Nb4 21.Rxb4 cxb4 22.
c5 dxc5 23.Bxc5 Re8 24.Rb1 Bf8 25.Bxf8 Rxf8 26.Rxb4 Qd6 27.Rb3 Nc8 28.Qd3 
Rxb3 29.axb3 Qb6 30.Qc3 Re8 31.b4 Nd6 32.Ng3 f6 33.h4 h5 34.b5 Rc8 35.Qb3 
Kg7 36.Qa2 Rc3 37.Kh2 Qc5 38.f3 Qa3 39.Qf2 Qc5 40.Qa2 Ra3 41.Qe2 Ra4 42.
Qd2 Rb4 43.Qa2 f5 44.Qa1 Nf7 45.Qa3 f4 46.Ne2 Rxb5 47.Qxc5 Rxc5 48.g3 
fxg3+ 49.Kxg3 Kf6 50.Bh3 Nd6 51.Kf2 Ra5 52.Nc1 Ra3 53.Be6 Rc3 54.Ne2 Rc2 
55.Bd7 Rb2 56.Bh3 Nc4 57.Bf1 Na3 58.Bh3 Nc2 59.Kf1 Nb4 60.Kf2 Nd3+ 61.Ke3 
Rxe2+ 62.Kxd3 Rh2 63.Bf1 Rxh4 64.Ke3 Rf4 65.Bh3 Ke7 66.Be6 g5 67.Bf5 Kd6 
68.Bg6 g4 69.Bxh5 Rxf3+ 70.Ke2 Rf4 71.Ke3 Kc5 0-1

[Event "POL-ChT2"]
[Site "Katowice POL"]
[Date "2010.09.10"]
[Round "7"]
[White "Skalski, Michal"]
[Black "Helis, Tadeusz"]
[Result "1/2-1/2"]
[WhiteElo "2447"]
[BlackElo "2277"]
[EventDate "2010.09.04"]
[PlyCount "125"]

1.c4 Nf6 2.Nc3 g6 3.e4 d6 4.d4 Bg7 5.f3 O-O 6.Be3 a6 7.Bd3 Nbd7 8.Nge2 c5 
9.O-O cxd4 10.Nxd4 Ne5 11.Be2 Bd7 12.Qd2 Rc8 13.b3 Re8 14.Rfc1 Qa5 15.a3 
Qd8 16.Ra2 e6 17.Bf1 Qe7 18.Bg5 Qf8 19.Rd1 h6 20.Be3 g5 21.Bf2 Qe7 22.a4 
Rf8 23.a5 Ne8 24.Nce2 Ng6 25.Be3 Kh8 26.Ng3 f5 27.exf5 exf5 28.Bf2 Qf7 29.
Bd3 f4 30.Ngf5 Ne5 31.Be4 Rc7 32.Qe2 Bc8 33.Rad2 Rc5 34.Ra2 Rc7 35.Bb1 Rc5
36.h3 Rc7 37.Qe4 Nf6 38.Qc2 d5 39.c5 Nc6 40.Nxg7 Qxg7 41.Qd2 Ne5 42.Nf5 
Bxf5 43.Bxf5 Nc6 44.Bb1 Re7 45.b4 Rfe8 46.Bd3 Ne4 47.fxe4 dxe4 48.b5 e3 
49.Qb2 exf2+ 50.Qxf2 Nb4 51.Rad2 Nxd3 52.Rxd3 axb5 53.Rd6 b4 54.Rb6 Re2 
55.Qf3 Qc3 56.Rxh6+ Kg7 57.Rhd6 Re1+ 58.Rxe1 Rxe1+ 59.Kf2 Qxc5+ 60.Kxe1 
Qxd6 61.Qxb7+ Kf6 62.Qb6 Ke6 63.Ke2 1/2-1/2

[Event "POL-ChT2"]
[Site "Katowice POL"]
[Date "2010.09.10"]
[Round "7"]
[White "Stysiak, Szymon"]
[Black "Kuzmicz, Krystian"]
[Result "1/2-1/2"]
[WhiteElo "2211"]
[BlackElo "2407"]
[EventDate "2010.09.04"]
[PlyCount "62"]

1.d4 g6 2.c4 c6 3.e4 Bg7 4.Nc3 d6 5.Be3 a6 6.Qd2 b5 7.a3 Bb7 8.Nf3 Nd7 9.
h4 h5 10.Ng5 Ngf6 11.f4 Ng4 12.e5 Nf8 13.b4 f6 14.exf6 exf6 15.Nge4 Qe7 
16.Rh3 f5 17.Ng5 Ne6 18.Be2 O-O 19.Kf1 Nxg5 20.fxg5 f4 21.Bf2 Bc8 22.Rf3 
Nh2+ 23.Kg1 Nxf3+ 24.Bxf3 Bb7 25.Re1 Qf7 26.Ne4 Rad8 27.c5 dxc5 28.bxc5 
Qc7 29.Qa2+ Kh7 30.Nd6 Bc8 31.Qc2 Bf5 1/2-1/2

[Event "POL-ChT2"]
[Site "Katowice POL"]
[Date "2010.09.10"]
[Round "7"]
[White "Gasik, Anna"]
[Black "Cherednichenko, Svetlana"]
[Result "1/2-1/2"]
[WhiteElo "2203"]
[BlackElo "2285"]
[EventDate "2010.09.04"]
[PlyCount "67"]

1.e4 e5 2.Nf3 d6 3.d4 exd4 4.Qxd4 a6 5.Bf4 Nc6 6.Qe3 Nf6 7.Nc3 Be7 8.O-O-O
Nh5 9.h4 Nxf4 10.Qxf4 Be6 11.Nd5 Qd7 12.Kb1 O-O-O 13.Qd2 Kb8 14.Nd4 Nxd4 
15.Qxd4 Bxd5 16.exd5 Bf6 17.Qb4 c5 18.dxc6 Qxc6 19.Rh3 Rhe8 20.Ra3 Kc7 21.
g4 Qc5 22.Qf4 Qd4 23.Rc3+ Kb8 24.Qf3 Qe4 25.Re3 Qxf3 26.Rxf3 Bxh4 27.Rxf7 
Re7 28.Rxe7 Bxe7 29.Bd3 h6 30.Be4 Bg5 31.f3 Bf4 32.c3 Be5 33.Kc2 Kc7 34.
Kb3 1/2-1/2

[Event "POL-ChT2"]
[Site "Katowice POL"]
[Date "2010.09.10"]
[Round "7"]
[White "Maksimenko, Andrei"]
[Black "Wojciechowski, Piotr"]
[Result "1-0"]
[WhiteElo "2544"]
[BlackElo "2305"]
[EventDate "2010.09.04"]
[PlyCount "69"]

1.Nf3 c5 2.g3 b6 3.e4 Bb7 4.d3 Nc6 5.Bg2 Nf6 6.O-O d6 7.c4 e5 8.Nc3 Be7 9.
Nh4 Nd4 10.Nf5 Nxf5 11.exf5 Qd7 12.Bxb7 Qxb7 13.Bg5 Ng8 14.f4 Bxg5 15.fxg5
f6 16.Qh5+ Kf8 17.Nd5 h6 18.a4 a5 19.Ra3 Rb8 20.Rb3 Qc8 21.gxf6 gxf6 22.
Qh4 Kf7 23.Qh5+ Kf8 24.Qh4 Kf7 25.g4 Rh7 26.g5 fxg5 27.Qh5+ Kf8 28.f6 Qe8 
29.Qg4 Rhb7 30.Rxb6 Rxb6 31.f7 Qxf7 32.Rxf7+ Kxf7 33.Qd7+ Kg6 34.Nxb6 Rxb6
35.Qd8 1-0

[Event "POL-ChT2"]
[Site "Katowice POL"]
[Date "2010.09.10"]
[Round "7"]
[White "Juroszek, Tadeusz"]
[Black "Grabarczyk, Miroslaw"]
[Result "1/2-1/2"]
[WhiteElo "2365"]
[BlackElo "2475"]
[EventDate "2010.09.04"]
[PlyCount "101"]

1.c4 e6 2.Nf3 d5 3.cxd5 exd5 4.d4 c6 5.Nc3 Bf5 6.Bf4 Nf6 7.e3 Be7 8.Bd3 
Bxd3 9.Qxd3 Nbd7 10.h3 O-O 11.O-O Re8 12.Rab1 a5 13.Qc2 Nb6 14.Rfe1 Ne4 
15.Re2 Bd6 16.Bxd6 Nxd6 17.Rbe1 h6 18.Ne5 a4 19.a3 Qg5 20.e4 dxe4 21.Nxe4 
Nxe4 22.Rxe4 Nd5 23.Kf1 Qf6 24.Qe2 Re6 25.Qf3 Qxf3 26.Nxf3 Rxe4 27.Rxe4 
Ra5 28.Re8+ Kh7 29.Ne5 Rb5 30.Nd3 Nb6 31.Nb4 Nc4 32.Re2 c5 33.dxc5 Rxc5 
34.Rc2 b5 35.Ke2 h5 36.h4 f6 37.Kd3 g5 38.Kd4 Rf5 39.hxg5 fxg5 40.Nd5 h4 
41.Ne3 Nxe3 42.fxe3 g4 43.e4 Rf1 44.Re2 Kg6 45.e5 Kf7 46.Re4 h3 47.gxh3 
gxh3 48.Rh4 Rf3 49.Ke4 Rb3 50.Kd5 Rxb2 51.Rxh3 1/2-1/2

[Event "POL-ChT2"]
[Site "Katowice POL"]
[Date "2010.09.10"]
[Round "7"]
[White "Krysztofiak, Marcin"]
[Black "Flasinski, Michal"]
[Result "1/2-1/2"]
[WhiteElo "2463"]
[BlackElo "2214"]
[EventDate "2010.09.04"]
[PlyCount "106"]

1.Nf3 Nf6 2.c4 e6 3.g3 b6 4.Bg2 Bb7 5.O-O c5 6.b3 Be7 7.Bb2 O-O 8.Nc3 d6 
9.d4 cxd4 10.Qxd4 Nbd7 11.Rfd1 a6 12.h3 Qc7 13.e4 Rfe8 14.Ba3 Nc5 15.e5 
dxe5 16.Qxe5 Rac8 17.Qxc7 Rxc7 18.Ne5 Bxg2 19.Kxg2 Kf8 20.Bxc5 Rxc5 21.f4 
Rc7 22.Rd3 b5 23.Rad1 bxc4 24.Nxc4 Rec8 25.Kf3 Ke8 26.g4 Rd7 27.Rxd7 Nxd7 
28.Ne4 Rc7 29.Ned6+ Kf8 30.f5 Nc5 31.fxe6 Nxe6 32.Ne4 Ke8 33.Rd5 Rd7 34.
Rxd7 Kxd7 35.Ne5+ Ke8 36.Nc6 Ba3 37.Ke3 Bc1+ 38.Kd3 Nf4+ 39.Kc2 Be3 40.h4 
h5 41.gxh5 Nxh5 42.b4 f6 43.Nb8 a5 44.bxa5 Kd8 45.Kd3 Bg1 46.Kc4 Kc7 47.
Na6+ Kb7 48.Kb5 g5 49.hxg5 fxg5 50.Nd6+ Ka7 51.Nb4 Nf4 52.Nc6+ Ka8 53.Nc4 
Nd5 1/2-1/2

[Event "POL-ChT2"]
[Site "Katowice POL"]
[Date "2010.09.10"]
[Round "7"]
[White "Wandzik, Wojciech"]
[Black "Borgula, Rafal"]
[Result "1/2-1/2"]
[WhiteElo "2199"]
[BlackElo "2314"]
[EventDate "2010.09.04"]
[PlyCount "60"]

1.e4 c5 2.Nf3 Nc6 3.Bb5 g6 4.O-O Bg7 5.c3 e5 6.d3 Nge7 7.Be3 d6 8.h3 O-O 
9.a4 b6 10.d4 h6 11.Qd2 Kh7 12.Rd1 a6 13.Bxc6 Nxc6 14.dxc5 dxc5 15.Qxd8 
Rxd8 16.Rxd8 Nxd8 17.Nbd2 Be6 18.a5 bxa5 19.Bxc5 Nc6 20.b4 axb4 21.cxb4 
Rb8 22.Rxa6 Nxb4 23.Rb6 Rxb6 24.Bxb6 Nc6 25.g4 Kg8 26.Kg2 Nb4 27.Kg3 Nd3 
28.Be3 Bd7 29.Nb3 Bc6 30.Nfd2 Bf8 1/2-1/2

[Event "POL-ChT2"]
[Site "Katowice POL"]
[Date "2010.09.10"]
[Round "7"]
[White "Robak, Zbigniew"]
[Black "Gola, Karol"]
[Result "1-0"]
[WhiteElo "2278"]
[BlackElo "2211"]
[EventDate "2010.09.04"]
[PlyCount "51"]

1.e4 c5 2.Nf3 e6 3.c3 Nf6 4.e5 Nd5 5.Bc4 d6 6.d4 cxd4 7.cxd4 Nc6 8.Qe2 Be7
9.O-O O-O 10.Nc3 Nxc3 11.bxc3 dxe5 12.dxe5 Qc7 13.Bd3 Rd8 14.Re1 b6 15.Bc2
Bb7 16.Ng5 h6 17.Qe4 Bxg5 18.Qh7+ Kf8 19.Ba3+ Ke8 20.Rad1 Rd2 21.h4 Rad8 
22.Bd6 R8xd6 23.exd6 Qxd6 24.hxg5 hxg5 25.Qxg7 
    ( 25.Qg8+ Ke7 26.Bb3 Kf6 27.Rxd2 Qxd2 28.Rxe6+ )
25...Ke7 26.Bb3 1-0

[Event "POL-ChT2"]
[Site "Katowice POL"]
[Date "2010.09.10"]
[Round "7"]
[White "Szydlowska-Duda, Marta"]
[Black "Weglarz, Joanna"]
[Result "1-0"]
[WhiteElo "2063"]
[BlackElo "2037"]
[EventDate "2010.09.04"]
[PlyCount "91"]

1.d4 Nf6 2.Nf3 c5 3.d5 g6 4.Nc3 d6 5.e4 Bg7 6.h3 O-O 7.Bd3 a6 8.a4 Qc7 9.
O-O Nbd7 10.Re1 Rb8 11.Bf4 Ne5 12.Bf1 Bd7 13.a5 b5 14.axb6 Rxb6 15.Bc1 
Nxf3+ 16.gxf3 Bb5 17.Bg2 e5 18.f4 exf4 19.Bxf4 Nh5 20.Bg5 Bd7 21.Qc1 Be5 
22.Nd1 f5 23.f4 Bd4+ 24.Kh2 Rf7 25.c3 Bg7 26.Bf3 fxe4 27.Bxh5 gxh5 28.Rxe4
Qb7 29.Qd2 Qc8 30.Qe2 h6 31.Bh4 Qf8 32.Be7 Qa8 33.Ne3 Qb8 34.Ra2 Kh7 35.
Qc2 Kg8 36.Qg2 Bf5 37.Nxf5 Rxf5 38.Bh4 Rb7 39.Qe2 Rf8 40.Be7 Rxf4 41.Rxf4 
Be5 42.Qg2+ Kh7 43.Qe4+ Kg7 44.Bf6+ Bxf6 45.Qg2+ Kf7 46.b4 1-0